El ahorro previsional: impacto en los mercados de capitales y de la vivienda

Enregistré dans:
Détails bibliographiques
Format: Livre
Langue:espagnol
Publié: Santiago Corporación de Investigación, Estudio y Desarrollo de la Seguridad Social 1995
Sujets:
Tags: Ajouter un tag
Pas de tags, Soyez le premier à ajouter un tag!

MARC

LEADER 00000nam a2200000 a 4500
001 UCZ6705
003 CL-VaPUC
008 951214e19950000CL |||||||||||||||||spa|d
082 0 4 |a 331.252  |b AHO  |2 21 
245 1 3 |a El ahorro previsional: impacto en los mercados de capitales y de la vivienda 
300 |a 403 p 
942 |c BK 
945 |d 19951214 00:00:00  |a rleighto 
260 |a Santiago  |b Corporación de Investigación, Estudio y Desarrollo de la Seguridad Social  |c 1995 
650 7 |a PENSIONES  |2 CL-VaPUC  |9 323807 
650 0 |a Ahorro  |9 351157 
650 0 |a Seguridad social  |9 255322 
650 0 |a Bienestar social   |9 255298 
583 |a last modification  |c 19951214 00:00:00  |k Rodrigo Vera 
999 |c 242889  |d 242887 
952 |0 0  |1 0  |4 0  |6 331_252000000000000_AHO_1995  |7 0  |8 A  |9 256203  |a BIBDER  |b BIBDER  |d 2019-11-19  |i 3154734  |o 331.252 AHO 1995  |p 3154734  |r 2023-01-25  |w 2019-11-19  |y BK  |k DER 
952 |0 0  |1 0  |4 0  |6 331_252000000000000_AHO_1995  |7 0  |8 A  |9 256204  |a BIBGIM  |b BIBGIM  |d 2019-11-19  |i 3314820  |o 331.252 AHO 1995  |p 3314820  |r 2025-01-15  |w 2019-11-19  |y BK  |k GIM